书目信息 |
| 题名: |
健康城市发展实践研究
|
|
| 作者: | 谭伟良 主编 | |
| 分册: | ||
| 出版信息: | 北京 光明日报出版社 2018.01 |
|
| 页数: | 378页 | |
| 开本: | 24cm | |
| 丛书名: | ||
| 单 册: | ||
| 中图分类: | R126 , X321.253.3 | |
| 科图分类: | ||
| 主题词: | 城市卫生--研究--苏州 , 城市环境--生态环境建设--研究--苏州 , 环境规划 , 环境管理 , 环境堡规划 | |
| 电子资源: | ||
| ISBN: | 978-7-5194-3928-6 | |
| 000 | 00972nam0 2200289 450 | |
| 001 | 3695 | |
| 005 | 20181008132103.29 | |
| 010 | @a978-7-5194-3928-6@dCNY72.00 | |
| 100 | @a20180513d2018 em y0chiy50 ea | |
| 101 | 0 | @achi |
| 102 | @aCN@b110000 | |
| 105 | @ay z 000yy | |
| 200 | 1 | @a健康城市发展实践研究@9jian kang cheng shi fa zhan shi jian yan jiu@e以苏州为例@f谭伟良主编 |
| 210 | @a北京@c光明日报出版社@d2018.01 | |
| 215 | @a378页@d24cm | |
| 300 | @a当代中国学术文库 | |
| 330 | @a本书通过对苏州健康城市发展实践研究的总结,包括发展模式、人力资源、公共卫生、健康教育和健康促进、建设指南等研究,为健康城市建设提供了有益的经验。 | |
| 606 | 0 | @a城市卫生@x研究@y苏州 |
| 606 | 0 | @a城市环境@x生态环境建设@x研究@y苏州 |
| 606 | 0 | @a环境规划 |
| 606 | 0 | @a环境管理 |
| 606 | 0 | @a环境堡规划 |
| 690 | @aR126@v5 | |
| 690 | @aX321.253.3@v4 | |
| 701 | 0 | @a谭伟良@9tan wei liang@f(1962-)@4主编 |
| 801 | 0 | @aCN@b91MARC@c20180513 |
| 905 | @aMuseLib@dX321.253.3@e242 | |
| 健康城市发展实践研究:以苏州为例/谭伟良主编.-北京:光明日报出版社,2018.01 |
| 378页;24cm |
| 当代中国学术文库 |
| ISBN 978-7-5194-3928-6:CNY72.00 |
| 本书通过对苏州健康城市发展实践研究的总结,包括发展模式、人力资源、公共卫生、健康教育和健康促进、建设指南等研究,为健康城市建设提供了有益的经验。 |
| ● |
| 相关链接 |
|
|
|
|
正题名:健康城市发展实践研究
索取号:X321.253.3/242
 
预约/预借
| 序号 | 登录号 | 条形码 | 馆藏地/架位号 | 状态 | 备注 |
| 1 | 1123247 | 211232478 | 第二样本阅览室/ [索取号:X321.253.3/242] | 在馆 | |
| 2 | 1123248 | 211232487 | 密集书库-资源管理系/ [索取号:X321.253.3/242] | 在馆 | |
| 3 | 1123249 | 211232496 | 第三借阅区/ [索取号:X321.253.3/242] | 在馆 | |
| 4 | 1123250 | 211232502 | 第三借阅区/ [索取号:X321.253.3/242] | 在馆 | |
| 5 | 1123251 | 211232511 | 第三借阅区/ [索取号:X321.253.3/242] | 在馆 |